01935nam a22001817a 450000500170000000800410001702000180005804000070007604100080008308200210009110000220011224500650013426000300019930000290022936500640025852014040032265000270172620240314161445.0240307b ||||| |||| 00| 0 eng d a9781032449876 cAL aeng 223a150.92bSMAL aPeter Smagorinsky aL.S. Vygotsky and English in education and the language arts aLondon b Routledgec2024 axxiv,354p.bPBc25x16cm. 2Generala7741b₹2313.00c₹d₹3084.50e25%f15/02/2024 aL. S. Vygotsky and English in Education and the Language Arts focuses on the hugely significant contributions of L. S. Vygotsky to research, theory, and practice in English and the Language Arts, exploring the relevance of Vygotsky’s works for today’s teachers and researchers.Drawing on his 30 years of study, Smagorinsky interprets Vygotsky in relation to literacy education, teacher education, special education, and how life outside school has an impact on how people function within them. This insightful and accessible text firstly explores Vygotsky’s early life to situate him historically and culturally and goes on to trace his understanding of human psychology as it relates to the social contexts of schools and pupils’ lives at home. Vygotsky’s pedagogical ideas are then discussed in depth, with specific attention on the role of emotions, the zone of proximal development, expanding textuality beyond writing, and his belief in the primacy of socialization. This book illuminates new areas of understanding, and challenges common perceptions available through limited and selective readings, establishing Vygotsky as a complex developmental psychologist rather than a classroom practitioner.With points for discussion and reflection provided throughout, this text will be invaluable for student teachers, teachers, and academics in the field of English and the Language Arts. 2PsychologyaPsychology